[Event "Wasselonne op"]
[Site "Wasselonne"]
[Date "2009.08.09"]
[Round "6"]
[White "Thouvenin, Philippe"]
[Black "Spard, Philippe"]
[Result "0-1"]
[WhiteElo "1710"]
[BlackElo "1650"]
[PlyCount "68"]
[EventDate "2009.08.06"]
[EventType "swiss"]
[EventRounds "7"]
[EventCountry "FRA"]
[SourceTitle "EXT 2011"]
[Source "ChessBase"]
[SourceDate "2010.11.26"]
[SourceVersion "1"]
[SourceVersionDate "2010.11.26"]
[SourceQuality "1"]

1. d4 Nf6 2. Nf3 c5 3. c3 e6 4. Bg5 b6 5. Nbd2 Bb7 6. e3 Be7 7. Bd3 d6 8. h4 h6 9. Bxf6 Bxf6 10. Ne4 Be7 11. Qe2 Nd7 12. Ng3 Rc8 13. h5 Nf6 14. Ba6 Bxf3 15. Qxf3 Rc7 16. Bb5+ Nd7 17. Qg4 0-0 18. Ne4 Nf6 19. Nxf6+ Bxf6 20. Bd3 Qa8 21. Rh3 Kh8 22. Be4 Qc8 23. f4 cxd4 24. exd4 Bxd4 25. cxd4 f5 26. Bxf5 exf5 27. Qd1 Re8+ 28. Kd2 Qa6 29. Re3 Qa5+ 30. Ke2 Qb5+ 31. Kf3 Qd5+ 32. Kf2 Rxe3 33. Kxe3 Qxg2 34. Qf3 Re7+ 0-1

[Event "Wasselonne op"]
[Site "Wasselonne"]
[Date "2009.08.08"]
[Round "5"]
[White "Petermann, Michail"]
[Black "Thouvenin, Philippe"]
[Result "1-0"]
[WhiteElo "2050"]
[BlackElo "1710"]
[PlyCount "51"]
[EventDate "2009.08.06"]
[EventType "swiss"]
[EventRounds "7"]
[EventCountry "FRA"]
[SourceTitle "EXT 2011"]
[Source "ChessBase"]
[SourceDate "2010.11.26"]
[SourceVersion "1"]
[SourceVersionDate "2010.11.26"]
[SourceQuality "1"]

1. e4 c5 2. Nf3 d6 3. d4 cxd4 4. Nxd4 Nf6 5. f3 a6 6. c4 g6 7. Nc3 Bg7 8. Be3 0-0 9. Be2 Nc6 10. 0-0 Ne8 11. Qd2 f5 12. Rad1 e5 13. Nxc6 bxc6 14. c5 f4 15. Bf2 Qg5 16. cxd6 Bh3 17. Bc4+ Kh8 18. Bc5 Nxd6 19. Bxd6 Rfd8 20. Qf2 Rd7 21. Kh1 Rad8 22. Bc5 Rxd1 23. Rxd1 Rxd1+ 24. Nxd1 Qd8 25. Nc3 Bc8 26. Qe1 1-0